00494nam a2200193 a 4500001001300000003000900013005001700022008004100039020001000080082001800090100002500108245002100133260003300154300000800187500003500195505003200230650001300262700002500275nice12345678IN_TiNIC20260116012042.0050524s1955 dela grp 000 0 urd  ac10000a297.831bMAH3 aMahdavi, Abul Hashim aKhardaar Khoonta aDelhibDeni Book Depotc1955 a28p aincludes index and biblioraphy2 athree parts of first volume aMahdavia1 aMahdavi, Abul Hashim